000 00979nas a2200337 4500
001 BR8304149
003 BR-BrBNA
005 20231205085644.0
007 ta
008 230509b bl.|||p| |||| 00| 00por d
040 _aBR-BrBNA
_bpor
_cBiblioteca Nacional de Agricultura
041 _a(Pt)
072 _aL30; E15
100 1 _aAndriguetto, J.M.
100 1 _aFlemming, J.S.
100 1 _aFlemming, R.
100 1 _aDutra, M.J.
100 1 _aPerly, L.
100 1 _aSouza, G.A. de
100 1 _aMinardi, I.
100 1 _aGemael, A.
245 1 _aNecessidade energetica para a producao de 1kg de frango de corte
650 _aCUSTO DE PRODUCAO
650 _aRACAO
650 _aFRANGO DE CORTE
650 _aEXIGENCIA NUTRICIONAL
650 _aSUPLEMENTO ENERGETICO
773 0 _tRevista do Setor de Ciencias Agrarias (Brazil)
_xISSN 0100-607X
_g(1983), v. 5(1-2) p. 59-63
_wBR8304149
909 _a202311
_bLúcia
_c55
_dLúcia Elande
942 _2AGRIS
_n0
_cANA
999 _c112833
_d112833